[Event "Bavaria-ch 94th"]
[Site "Rosenheim"]
[Date "2023.08.22"]
[Round "4"]
[White "Sesselmann, Christoph"]
[Black "Heidrich, Manfred"]
[Result "1/2-1/2"]
[WhiteElo "2020"]
[BlackElo "2332"]
[PlyCount "65"]
[EventDate "2023.08.20"]
[EventType "tourn"]
[EventRounds "9"]
[EventCountry "GER"]
[SourceTitle "CBM 215 Extra"]
[Source "ChessBase"]
[SourceDate "2023.09.30"]
[SourceVersion "1"]
[SourceVersionDate "2023.09.30"]
[SourceQuality "1"]

1. e4 c5 2. Ne2 Nc6 3. g3 d5 4. Bg2 Nf6 5. exd5 Nxd5 6. 0-0 e6 7. Nbc3 Nxc3 8. Nxc3 Qd7 9. d3 b6 10. Be3 Bb7 11. Qd2 Be7 12. Rae1 0-0 13. f4 Rad8 14. Qf2 Bf6 15. g4 Ne7 16. Bxb7 Qxb7 17. Qg2 Qxg2+ 18. Kxg2 Nd5 19. Nxd5 Rxd5 20. b3 Bc3 21. Re2 Rfd8 22. Ref2 f5 23. h3 Kf7 24. Bd2 Bxd2 25. Rxd2 b5 26. Re2 R8d6 27. Rfe1 Ra6 28. c4 Rxd3 29. cxb5 Rad6 30. gxf5 exf5 31. Re7+ Kf6 32. Rxa7 Rc3 33. Ra6 1/2-1/2

[Event "Mittelfrank Regionalliga Nord-Ost 2223"]
[Site "Mittelfranken"]
[Date "2022.10.09"]
[Round "1.2"]
[White "Heidrich, Manfred"]
[Black "Finster, Michael"]
[Result "1-0"]
[WhiteElo "2231"]
[BlackElo "2045"]
[PlyCount "41"]
[EventDate "2022.10.09"]
[EventType "team-tourn"]
[EventRounds "9"]
[EventCountry "GER"]
[SourceTitle "EXT 2024"]
[Source "ChessBase"]
[SourceDate "2023.10.10"]
[SourceVersion "1"]
[SourceVersionDate "2023.10.10"]
[SourceQuality "1"]
[WhiteTeam "Forchheim SC"]
[BlackTeam "Herzogenaurach II"]
[WhiteTeamCountry "GER"]
[BlackTeamCountry "GER"]

1. e4 c5 2. c3 e5 3. Nf3 Nc6 4. Bc4 Bd6 5. 0-0 Nf6 6. Re1 Qc7 7. d3 h6 8. Nbd2 0-0 9. Nf1 b6 10. Ng3 Ne7 11. Bb3 Bb7 12. Nh4 Rae8 13. Nh5 Nxh5 14. Qxh5 b5 15. Bxh6 gxh6 16. Qxh6 c4 17. Re3 f6 18. Qh5 Rf7 19. Rg3+ Rg7 20. Qxe8+ Kh7 21. Rh3 1-0

[Event "Mittelfrank Regionalliga Nord-Ost 2122"]
[Site "Mittelfranken"]
[Date "2022.05.15"]
[Round "5.2"]
[White "Heidrich, Manfred"]
[Black "Petras, Milan"]
[Result "1-0"]
[WhiteElo "2212"]
[BlackElo "1928"]
[PlyCount "137"]
[EventDate "2021.10.24"]
[EventType "team-tourn"]
[EventRounds "9"]
[EventCountry "GER"]
[SourceTitle "EXT 2024"]
[Source "ChessBase"]
[SourceDate "2023.10.10"]
[SourceVersion "1"]
[SourceVersionDate "2023.10.10"]
[SourceQuality "1"]
[WhiteTeam "Forchheim SC"]
[BlackTeam "Heng Postbauer"]
[WhiteTeamCountry "GER"]
[BlackTeamCountry "GER"]

1. e4 e6 2. d4 d5 3. Nd2 a6 4. Ngf3 c5 5. exd5 exd5 6. Be2 c4 7. b3 b5 8. 0-0 Nf6 9. Re1 Be7 10. Ne5 0-0 11. Bf3 Ra7 12. Nf1 Bf5 13. Ng3 Bg6 14. c3 a5 15. a4 cxb3 16. Qxb3 bxa4 17. Rxa4 Qc7 18. Bd2 Rd8 19. Rea1 Bd6 20. Nxg6 hxg6 21. c4 Nc6 22. c5 Bf4 23. Bxf4 Qxf4 24. Ne2 Qc7 25. Nc3 Rb7 26. Qa2 Nb4 27. Qe2 Re8 28. Qd2 Ra8 29. g3 Qd8 30. Kg2 Nc6 31. Qg5 Rb3 32. Bxd5 Nxd5 33. Qxd5 Qxd5+ 34. Nxd5 Rd8 35. Ne3 Nxd4 36. Rxa5 Kf8 37. Ra7 Rc3 38. Rb7 Ne6 39. Raa7 Rxc5 40. Rxf7+ Kg8 41. Rfe7 Re5 42. Ng4 Re4 43. Rxg7+ Nxg7 44. Nf6+ Kf8 45. Nxe4 Nf5 46. g4 Ne7 47. h4 Rd3 48. f3 Nc6 49. Rc7 Nd4 50. Ng5 Rd2+ 51. Kg3 Ra2 52. Kf4 Ra5 53. Ke4 Nb5 54. Rc5 Ke7 55. Ke5 Na3 56. Rxa5 Nc4+ 57. Kd5 Nxa5 58. Ne4 Kf7 59. f4 Ke7 60. Ng3 Kf6 61. h5 gxh5 62. Nxh5+ Kf7 63. f5 Ke7 64. g5 Nb3 65. g6 Nc1 66. f6+ Ke8 67. Nf4 Na2 68. Ne6 Nb4+ 69. Kd6 1-0

[Event "Mittelfrank Regionalliga Nord-Ost 2122"]
[Site "Mittelfranken"]
[Date "2022.05.08"]
[Round "8.2"]
[White "Erlbeck, Peter"]
[Black "Heidrich, Manfred"]
[Result "1/2-1/2"]
[WhiteElo "1987"]
[BlackElo "2212"]
[PlyCount "64"]
[EventDate "2021.10.24"]
[EventType "team-tourn"]
[EventRounds "9"]
[EventCountry "GER"]
[SourceTitle "EXT 2024"]
[Source "ChessBase"]
[SourceDate "2023.10.10"]
[SourceVersion "1"]
[SourceVersionDate "2023.10.10"]
[SourceQuality "1"]
[WhiteTeam "Nuernberg Sued SW II"]
[BlackTeam "Forchheim SC"]
[WhiteTeamCountry "GER"]
[BlackTeamCountry "GER"]

1. e4 c5 2. Nc3 Nc6 3. f4 e6 4. Nf3 d5 5. Bb5 Nf6 6. Qe2 Be7 7. d3 0-0 8. Bxc6 bxc6 9. Ne5 Qc7 10. 0-0 Ba6 11. b3 Bd6 12. Bb2 c4 13. dxc4 Bxe5 14. fxe5 Qxe5 15. exd5 Qxe2 16. Nxe2 cxd5 17. Bxf6 gxf6 18. Rxf6 dxc4 19. b4 Rad8 20. Nc3 Rd2 21. Rf2 Rfd8 22. Raf1 f5 23. Rxd2 Rxd2 24. Rf2 Rd4 25. Re2 Kf7 26. Kf2 Ke7 27. Ke3 Rg4 28. g3 Bb7 29. Rd2 e5 30. Nd5+ Ke6 31. Nc7+ Ke7 32. Nd5+ Ke6 1/2-1/2

[Event "Mittelfrank Regionalliga Nord-Ost 2122"]
[Site "Mittelfranken"]
[Date "2022.04.03"]
[Round "7.2"]
[White "Heidrich, Manfred"]
[Black "Endres, Christian"]
[Result "0-1"]
[WhiteElo "2212"]
[BlackElo "2162"]
[PlyCount "132"]
[EventDate "2021.10.24"]
[EventType "team-tourn"]
[EventRounds "9"]
[EventCountry "GER"]
[SourceTitle "EXT 2024"]
[Source "ChessBase"]
[SourceDate "2023.10.10"]
[SourceVersion "1"]
[SourceVersionDate "2023.10.10"]
[SourceQuality "1"]
[WhiteTeam "Forchheim SC"]
[BlackTeam "Altensittenbach"]
[WhiteTeamCountry "GER"]
[BlackTeamCountry "GER"]

1. e4 c5 2. c3 Nf6 3. e5 Nd5 4. Nf3 Nc6 5. d4 cxd4 6. cxd4 d6 7. Bc4 Nb6 8. Bb3 dxe5 9. d5 Na5 10. Nc3 f6 11. Be3 e6 12. dxe6 Qxd1+ 13. Rxd1 Nxb3 14. axb3 Bxe6 15. Nb5 Bb4+ 16. Bd2 Bxd2+ 17. Nxd2 Ke7 18. Ke2 Nd5 19. g3 a6 20. Nc3 Rac8 21. Rc1 Rc6 22. Nxd5+ Bxd5 23. Rxc6 Bxc6 24. Ra1 Rc8 25. Nc4 Bb5 26. Kd3 Ke6 27. Kc3 g5 28. Rd1 h5 29. Kb4 g4 30. h4 Ke7 31. Ne3 Kf7 32. Nc4 Ke7 33. Ne3 Kf7 34. Nc4 Ke6 35. Ne3 Be2 36. Rd2 Bf3 37. Nc4 Ke7 38. Ne3 Rc7 39. Nc4 Rd7 40. Kc3 Rxd2 41. Nxd2 Bd5 42. b4 Kd6 43. Nb1 f5 44. Kd2 b6 45. Nc3 Bc6 46. Kd3 Bg2 47. Na4 Kc6 48. Nc3 Bf1+ 49. Kd2 a5 50. Nd1 Bc4 51. Kc3 Be6 52. Ne3 Kb5 53. Nc2 axb4+ 54. Nxb4 Kc5 55. Na6+ Kd6 56. Nb4 Bf7 57. Nc2 Kd5 58. Kd3 Kc5 59. Kc3 f4 60. Nb4 Bc4 61. Nc2 Bf1 62. Na1 Kd5 63. Nb3 Ba6 64. Nd2 Be2 65. b3 Ba6 66. Nb1 fxg3 0-1

[Event "Mittelfrank Regionalliga Nord-Ost 2122"]
[Site "Mittelfranken"]
[Date "2021.11.14"]
[Round "2.2"]
[White "Mueller, Christian7777"]
[Black "Heidrich, Manfred"]
[Result "0-1"]
[WhiteElo "2042"]
[BlackElo "2212"]
[PlyCount "148"]
[EventDate "2021.10.24"]
[EventType "team-tourn"]
[EventRounds "9"]
[EventCountry "GER"]
[SourceTitle "EXT 2024"]
[Source "ChessBase"]
[SourceDate "2023.10.10"]
[SourceVersion "1"]
[SourceVersionDate "2023.10.10"]
[SourceQuality "1"]
[WhiteTeam "Windischeschenbach"]
[BlackTeam "Forchheim SC"]
[WhiteTeamCountry "GER"]
[BlackTeamCountry "GER"]

1. e4 e6 2. d4 d5 3. Nd2 Nf6 4. e5 Nfd7 5. Bd3 c5 6. c3 Nc6 7. Ngf3 Qb6 8. 0-0 cxd4 9. cxd4 Nxd4 10. Nxd4 Qxd4 11. Nf3 Qb6 12. Qa4 Qb4 13. Qc2 Be7 14. a3 Qb6 15. b4 Nf8 16. h4 Bd7 17. Be3 Qd8 18. h5 Rc8 19. Qe2 a6 20. g3 f5 21. Nd4 g5 22. f4 g4 23. Nb3 Ba4 24. Nc5 Bxc5 25. Bxc5 Nd7 26. Bd4 0-0 27. Rfc1 Qe7 28. Kg2 Rfd8 29. h6 b5 30. Kf2 Qe8 31. Rh1 Bb3 32. Rh4 Nf8 33. Bc5 Ng6 34. Rh2 Bc4 35. Bd4 Bxd3 36. Qxd3 Rc4 37. Ke3 Rdc8 38. Raa2 R8c6 39. Rhd2 Qc8 40. Qe2 Rc1 41. Rd1 R6c2 42. Rxc2 Rxc2 43. Rd2 Rxd2 44. Qxd2 Qc4 45. Qc3 Nf8 46. Kd2 Nd7 47. a4 Kf7 48. axb5 Qxc3+ 49. Kxc3 axb5 50. Bf2 Kg6 51. Kd4 Kxh6 52. Be1 Kg6 53. Bf2 Kf7 54. Kd3 Ke7 55. Ba7 Kd8 56. Bf2 Kc7 57. Bg1 Kc6 58. Bd4 Nb8 59. Bc5 Kd7 60. Kc3 Ke8 61. Kd3 Nc6 62. Kc3 Kf7 63. Bf2 Kg6 64. Be1 h5 65. Kd3 h4 66. gxh4 Kh5 67. Ke3 g3 68. Kf3 Kxh4 69. Bxg3+ Kh3 70. Be1 Nd4+ 71. Kf2 Kg4 72. Bd2 Nf3 73. Bc1 Nd4 74. Bd2 Nb3 0-1

[Event "Landesliga Nord 1920"]
[Site "Bayern"]
[Date "2020.03.01"]
[Round "7.2"]
[White "Eichinger, Christoph"]
[Black "Heidrich, Manfred"]
[Result "1/2-1/2"]
[WhiteElo "2226"]
[BlackElo "2242"]
[PlyCount "64"]
[EventDate "2019.09.29"]
[EventType "team-tourn"]
[EventRounds "9"]
[EventCountry "GER"]
[SourceTitle "EXT 2021"]
[Source "ChessBase"]
[SourceDate "2020.10.23"]
[SourceVersion "1"]
[SourceVersionDate "2020.10.23"]
[SourceQuality "1"]
[WhiteTeam "Kareth Lappersdorf"]
[BlackTeam "Forchheim"]
[WhiteTeamCountry "GER"]
[BlackTeamCountry "GER"]

1. e4 c5 2. Nf3 Nf6 3. Nc3 Nc6 4. d4 d5 5. exd5 Nxd5 6. dxc5 Nxc3 7. Qxd8+ Nxd8 8. bxc3 f6 9. Be3 e5 10. 0-0-0 Bd7 11. Nd2 Rc8 12. Ne4 Ne6 13. Nd6+ Bxd6 14. cxd6 Rxc3 15. Bxa7 Ra3 16. Be3 Rxa2 17. Bc4 Ra1+ 18. Kb2 Rxd1 19. Rxd1 Kf7 20. f4 Rc8 21. Bb3 exf4 22. Bxf4 Kf8 23. Be3 Nc5 24. Bxc5 Rxc5 25. Ra1 Rc8 26. Bd5 Rd8 27. Bxb7 Be8 28. Ra6 Rb8 29. Rb6 Bd7 30. Rb3 Ba4 31. Rb6 Bd7 32. Rb3 Ba4 1/2-1/2

[Event "GER-ch blitz"]
[Site "Magdeburg"]
[Date "2019.05.25"]
[Round "2"]
[White "Frischmann, Rick"]
[Black "Heidrich, Manfred"]
[Result "1-0"]
[WhiteElo "2320"]
[BlackElo "2351"]
[PlyCount "57"]
[EventDate "2019.05.25"]
[EventType "tourn (blitz)"]
[EventRounds "29"]
[EventCountry "GER"]
[SourceTitle "CBM 190 Extra"]
[Source "ChessBase"]
[SourceDate "2019.07.15"]
[SourceVersion "1"]
[SourceVersionDate "2019.07.15"]
[SourceQuality "1"]

1. e4 c5 2. Nf3 Nf6 3. e5 Nd5 4. Nc3 e6 5. Ne4 Nc6 6. c4 Nc7 7. g3 d6 8. exd6 Bxd6 9. Bg2 0-0 10. 0-0 e5 11. a3 f5 12. Nxd6 Qxd6 13. d3 h6 14. b4 cxb4 15. axb4 Nxb4 16. Ba3 a5 17. Nxe5 Qxe5 18. Bxb4 axb4 19. Rxa8 Nxa8 20. d4 Qc7 21. c5 Bd7 22. Qb3+ Kh8 23. Qxb4 Rd8 24. Qxb7 Qxb7 25. Bxb7 Nc7 26. d5 Rb8 27. c6 Be8 28. d6 Ne6 29. c7 1-0

[Event "GER-ch blitz"]
[Site "Magdeburg"]
[Date "2019.05.25"]
[Round "5"]
[White "Heidrich, Manfred"]
[Black "Schulze, Marc Andre"]
[Result "1/2-1/2"]
[WhiteElo "2351"]
[BlackElo "2220"]
[PlyCount "36"]
[EventDate "2019.05.25"]
[EventType "tourn (blitz)"]
[EventRounds "29"]
[EventCountry "GER"]
[SourceTitle "CBM 190 Extra"]
[Source "ChessBase"]
[SourceDate "2019.07.15"]
[SourceVersion "1"]
[SourceVersionDate "2019.07.15"]
[SourceQuality "1"]

1. e4 c5 2. c3 d5 3. exd5 Qxd5 4. d4 Nf6 5. Nf3 Bg4 6. Be2 e6 7. Na3 cxd4 8. Nb5 Na6 9. Nbxd4 Nc5 10. h3 Bh5 11. Be3 a6 12. Nb3 Qxd1+ 13. Rxd1 Nxb3 14. axb3 Be7 15. b4 0-0 16. 0-0 Rfd8 17. Bb6 Rxd1 18. Rxd1 Nd5 1/2-1/2

[Event "GER-ch blitz"]
[Site "Magdeburg"]
[Date "2019.05.25"]
[Round "1"]
[White "Heidrich, Manfred"]
[Black "Stern, Rene"]
[Result "1-0"]
[WhiteElo "2351"]
[BlackElo "2538"]
[PlyCount "97"]
[EventDate "2019.05.25"]
[EventType "tourn (blitz)"]
[EventRounds "29"]
[EventCountry "GER"]
[SourceTitle "CBM 190 Extra"]
[Source "ChessBase"]
[SourceDate "2019.07.15"]
[SourceVersion "1"]
[SourceVersionDate "2019.07.15"]
[SourceQuality "1"]

1. e4 e5 2. Nf3 Nc6 3. d4 exd4 4. Nxd4 Nf6 5. Nxc6 bxc6 6. e5 Qe7 7. Qe2 Nd5 8. c4 Ba6 9. b3 g6 10. g3 Bg7 11. Bb2 0-0 12. Bg2 Rae8 13. 0-0 Bxe5 14. Bxe5 Qxe5 15. Qxe5 Rxe5 16. cxd5 Bxf1 17. Kxf1 cxd5 18. Nc3 c6 19. Rd1 a5 20. Bf3 Rb8 21. Kg2 Kf8 22. Rd4 Rb4 23. Rd1 f5 24. Na4 Ke7 25. Nc5 Kd6 26. Nd3 Re8 27. Nxb4 axb4 28. Rd2 Re1 29. h4 h6 30. Be2 g5 31. hxg5 hxg5 32. Bd3 Ke5 33. Kf3 g4+ 34. Kg2 Rc1 35. Re2+ Kf6 36. f3 gxf3+ 37. Kxf3 Rc3 38. Rd2 c5 39. Kf2 c4 40. Bc2 Ke5 41. Kg2 f4 42. Re2+ Re3 43. Rxe3+ fxe3 44. Kf3 Kd4 45. Ke2 Kc3 46. Bf5 cxb3 47. axb3 d4 48. g4 Kxb3 49. g5 1-0

[Event "GER-ch blitz"]
[Site "Magdeburg"]
[Date "2019.05.25"]
[Round "4"]
[White "Kopylov, Daniel"]
[Black "Heidrich, Manfred"]
[Result "0-1"]
[WhiteElo "2263"]
[BlackElo "2351"]
[PlyCount "110"]
[EventDate "2019.05.25"]
[EventType "tourn (blitz)"]
[EventRounds "29"]
[EventCountry "GER"]
[SourceTitle "CBM 190 Extra"]
[Source "ChessBase"]
[SourceDate "2019.07.15"]
[SourceVersion "1"]
[SourceVersionDate "2019.07.15"]
[SourceQuality "1"]

1. e4 c5 2. Nf3 Nf6 3. Nc3 Nc6 4. d4 d5 5. exd5 Nxd5 6. Nxd5 Qxd5 7. dxc5 Qxc5 8. c3 e5 9. Be3 Qa5 10. Bc4 Be7 11. Qd5 Qxd5 12. Bxd5 f6 13. 0-0-0 Bf5 14. Nh4 Bd7 15. Bf7+ Kxf7 16. Rxd7 Rab8 17. Rhd1 Ke6 18. g4 Rhd8 19. Rxd8 Rxd8 20. Nf5 Rxd1+ 21. Kxd1 Bf8 22. h4 g6 23. Ng3 f5 24. gxf5+ gxf5 25. Bc1 f4 26. Ne4 h5 27. f3 Be7 28. Bd2 Bxh4 29. Nc5+ Kf5 30. Nxb7 Be7 31. b4 e4 32. fxe4+ Kxe4 33. Ke2 Ne5 34. Na5 h4 35. Nb3 f3+ 36. Kf1 Ng4 37. Be1 h3 38. Kg1 h2+ 39. Kh1 Bd6 40. Nd2+ Kf4 41. c4 f2 42. Bxf2 Nxf2+ 43. Kxh2 Ke3+ 44. Kg2 Kxd2 45. c5 Ne4 46. Kf3 Kd3 47. cxd6 Nxd6 48. Kf4 Kc4 49. Ke5 Nb5 50. a4 Kxb4 51. axb5 Kxb5 52. Kd4 Kb4 53. Kd3 Kb3 54. Kd4 a5 55. Kc5 a4 0-1

[Event "GER-ch blitz"]
[Site "Magdeburg"]
[Date "2019.05.25"]
[Round "7"]
[White "Kopylov, Michael"]
[Black "Heidrich, Manfred"]
[Result "1-0"]
[WhiteElo "2413"]
[BlackElo "2351"]
[PlyCount "43"]
[EventDate "2019.05.25"]
[EventType "tourn (blitz)"]
[EventRounds "29"]
[EventCountry "GER"]
[SourceTitle "CBM 190 Extra"]
[Source "ChessBase"]
[SourceDate "2019.07.15"]
[SourceVersion "1"]
[SourceVersionDate "2019.07.15"]
[SourceQuality "1"]

1. d4 f5 2. g3 Nf6 3. Bg2 g6 4. c4 Bg7 5. Nf3 d6 6. 0-0 0-0 7. Nc3 c6 8. Qb3 Kh8 9. Rd1 Qc7 10. Qa3 Be6 11. d5 Bg8 12. Nd4 cxd5 13. cxd5 Na6 14. Bg5 Nc5 15. Rac1 a5 16. Na4 b6 17. Nc6 e5 18. dxe6 Bxe6 19. Nc3 Rac8 20. Nb5 Qf7 21. Nxd6 Qg8 22. Ne7 1-0

[Event "GER-ch blitz"]
[Site "Magdeburg"]
[Date "2019.05.25"]
[Round "19"]
[White "Zelbel, Patrick"]
[Black "Heidrich, Manfred"]
[Result "1/2-1/2"]
[WhiteElo "2439"]
[BlackElo "2351"]
[PlyCount "75"]
[EventDate "2019.05.25"]
[EventType "tourn (blitz)"]
[EventRounds "29"]
[EventCountry "GER"]
[SourceTitle "CBM 190 Extra"]
[Source "ChessBase"]
[SourceDate "2019.07.15"]
[SourceVersion "1"]
[SourceVersionDate "2019.07.15"]
[SourceQuality "1"]

1. e4 c5 2. c3 Nf6 3. e5 Nd5 4. Bc4 Nb6 5. Bb3 d6 6. exd6 Qxd6 7. Nf3 Nc6 8. 0-0 e5 9. Re1 Be7 10. Qe2 Bf6 11. Na3 0-0 12. d3 a6 13. Be3 Bd7 14. Rad1 Rfe8 15. Nd2 Qf8 16. Qf3 Be6 17. Ne4 Bxb3 18. Nxf6+ gxf6 19. axb3 Re6 20. Qh5 Kh8 21. Bh6 Qg8 22. Be3 Nd7 23. Nc2 Qg6 24. Qxg6 hxg6 25. f4 exf4 26. Bxf4 Rae8 27. Kf2 Kg7 28. h3 g5 29. Bd2 Nde5 30. Bc1 Rd8 31. Re3 Ng6 32. Rxe6 fxe6 33. Be3 b6 34. d4 cxd4 35. Nxd4 Nxd4 36. Rxd4 Rxd4 37. Bxd4 b5 38. g3 1/2-1/2

[Event "Landesliga Nord 1819"]
[Site "Bayern"]
[Date "2019.01.20"]
[Round "5.2"]
[White "Mann, Johannes"]
[Black "Heidrich, Manfred"]
[Result "1/2-1/2"]
[WhiteElo "2211"]
[BlackElo "2233"]
[PlyCount "75"]
[EventDate "2018.10.21"]
[EventType "team-tourn"]
[EventRounds "9"]
[EventCountry "GER"]
[SourceTitle "EXT 2022"]
[Source "ChessBase"]
[SourceDate "2021.10.06"]
[SourceVersion "1"]
[SourceVersionDate "2021.10.06"]
[SourceQuality "1"]
[WhiteTeam "Schweinfurt"]
[BlackTeam "Forchheim SC"]
[WhiteTeamCountry "GER"]
[BlackTeamCountry "GER"]

1. d4 f5 2. Nf3 Nf6 3. g3 g6 4. Bg2 Bg7 5. 0-0 0-0 6. b3 d6 7. Bb2 Ne4 8. Nbd2 Nxd2 9. Qxd2 Nc6 10. Ne1 Qe8 11. f4 Bd7 12. c4 e5 13. dxe5 dxe5 14. Bd5+ Kh8 15. Nd3 e4 16. Bxg7+ Kxg7 17. Qc3+ Rf6 18. Ne5 Qe7 19. Rad1 Be8 20. Rd2 Nxe5 21. fxe5 Rf8 22. Bxb7 Rb8 23. Ba6 Qc5+ 24. e3 Bc6 25. Qd4 Qxd4 26. Rxd4 Rb6 27. Bb5 Bxb5 28. cxb5 Rxb5 29. Rc1 Rxe5 30. Rxc7+ Rf7 31. Rdd7 Rxd7 32. Rxd7+ Kf6 33. Rxa7 Rc5 34. b4 Rc1+ 35. Kf2 Rc2+ 36. Kf1 Rxh2 37. b5 Rb2 38. a4 1/2-1/2

[Event "Pardubice Czech op-A 28th"]
[Site "Pardubice"]
[Date "2017.07.29"]
[Round "9"]
[White "Chovan, Milan"]
[Black "Heidrich, Manfred"]
[Result "1/2-1/2"]
[WhiteElo "2269"]
[BlackElo "2366"]
[PlyCount "103"]
[EventDate "2017.07.21"]
[EventType "swiss"]
[EventRounds "9"]
[EventCountry "CZE"]
[SourceTitle "CBM 179 Extra"]
[Source "ChessBase"]
[SourceDate "2017.08.23"]
[SourceVersion "1"]
[SourceVersionDate "2017.08.23"]
[SourceQuality "1"]

1. d4 f5 2. g3 Nf6 3. Bg2 g6 4. Nf3 Bg7 5. 0-0 0-0 6. c4 d6 7. Nc3 c6 8. d5 e5 9. dxe6 Bxe6 10. Qd3 Na6 11. Ng5 Qe7 12. Bf4 Rad8 13. Rad1 Nh5 14. Nd5 Qe8 15. Nxe6 Qxe6 16. Bg5 Rd7 17. Qc2 Nc7 18. Nxc7 Rxc7 19. Bf3 Nf6 20. Be3 a6 21. b3 Rd7 22. Qc1 d5 23. cxd5 Nxd5 24. Bd4 Rfd8 25. Bxg7 Kxg7 26. Rd3 Rd6 27. Rfd1 Nf6 28. Rxd6 Rxd6 29. Kg2 Qd7 30. Rxd6 Qxd6 31. Qc3 g5 32. h3 Kg6 33. Qc2 h5 34. g4 hxg4 35. hxg4 Qe5 36. e3 a5 37. a3 Qb5 38. Be2 Qd5+ 39. f3 Qe5 40. gxf5+ Kh6 41. Qd3 Nd5 42. Kf2 Kg7 43. Qe4 Kf6 44. Qxe5+ Kxe5 45. e4 Nf6 46. Ke3 b5 47. b4 axb4 48. axb4 Nd7 49. Bd1 c5 50. bxc5 Nxc5 51. f6 Kxf6 52. f4 1/2-1/2

[Event "Pardubice Czech op-A 28th"]
[Site "Pardubice"]
[Date "2017.07.21"]
[Round "1"]
[White "Bogumil, Tatiana"]
[Black "Heidrich, Manfred"]
[Result "0-1"]
[WhiteElo "2146"]
[BlackElo "2366"]
[PlyCount "76"]
[EventDate "2017.07.21"]
[EventType "swiss"]
[EventRounds "9"]
[EventCountry "CZE"]
[SourceTitle "CBM 179 Extra"]
[Source "ChessBase"]
[SourceDate "2017.08.23"]
[SourceVersion "1"]
[SourceVersionDate "2017.08.23"]
[SourceQuality "1"]

1. Nf3 f5 2. c4 Nf6 3. g3 g6 4. b3 Bg7 5. Bb2 d6 6. d4 0-0 7. Bg2 Qe8 8. d5 Na6 9. 0-0 Bd7 10. Nd4 c6 11. Nc3 Nc7 12. Qd2 c5 13. Ne6 Nxe6 14. dxe6 Bxe6 15. Bxb7 Rb8 16. Bg2 Qf7 17. Rab1 Kh8 18. e3 Bc8 19. Rfd1 Bb7 20. Nd5 Nxd5 21. Bxg7+ Qxg7 22. cxd5 Ba6 23. Qa5 Rb6 24. Rbc1 Rfb8 25. h4 Qb2 26. Qa4 Be2 27. Rb1 Qc3 28. Rdc1 Qb4 29. Qd7 R6b7 30. Qe6 Rf8 31. h5 Rc7 32. a3 Qb8 33. b4 c4 34. hxg6 Rf6 35. Qxf6+ exf6 36. gxh7 Bd3 37. Rb2 Qe8 38. Rc3 Qe5 0-1

[Event "BL2-Ost 1617"]
[Site "Germany"]
[Date "2016.12.03"]
[Round "5.6"]
[White "Heidrich, Manfred"]
[Black "Hellmayr, Alois"]
[Result "1-0"]
[WhiteElo "2362"]
[BlackElo "2252"]
[PlyCount "157"]
[EventDate "2016.10.14"]
[EventType "team-tourn"]
[EventRounds "10"]
[EventCountry "GER"]
[SourceTitle "CBM 177 Extra"]
[Source "ChessBase"]
[SourceDate "2017.04.27"]
[SourceVersion "1"]
[SourceVersionDate "2017.04.27"]
[SourceQuality "1"]
[WhiteTeam "Forchheim"]
[BlackTeam "Passau"]
[WhiteTeamCountry "GER"]
[BlackTeamCountry "GER"]

1. e4 c5 2. c3 d5 3. exd5 Qxd5 4. d4 e6 5. Nf3 Nf6 6. Be2 cxd4 7. Nxd4 Bc5 8. 0-0 0-0 9. Bf3 Qd6 10. Nb3 Nc6 11. Bg5 Qxd1 12. Rxd1 Be7 13. N1d2 Ne5 14. Be2 Bd7 15. Nf3 Nxf3+ 16. Bxf3 Bc6 17. Bxc6 bxc6 18. Na5 Rfc8 19. Bxf6 Bxf6 20. Rd7 c5 21. Nc4 Rd8 22. Rad1 Rxd7 23. Rxd7 Rd8 24. Rxd8+ Bxd8 25. Ne5 Bc7 26. Nc4 Kf8 27. Kf1 Ke7 28. h3 Kd7 29. Ke2 Kc6 30. Kd3 f5 31. Ne3 h5 32. b3 Bf4 33. Nc4 Bc7 34. a4 a6 35. Ne3 Bf4 36. b4 g5 37. Nc4 Bc7 38. f3 Bf4 39. Na5+ Kb6 40. Nb3 cxb4 41. cxb4 Bd6 42. Kc4 e5 43. Nc1 e4 44. fxe4 fxe4 45. Na2 Be5 46. Nc3 g4 47. hxg4 hxg4 48. Nxe4 g3 49. Kd5 Bf4 50. Nd6 Bc1 51. Ke4 Kc6 52. Nc4 Bg5 53. Ne5+ Kb6 54. Kd5 Bf4 55. Nc4+ Kb7 56. Ke4 Bb8 57. Kd5 Bf4 58. Kc5 Bh6 59. Nd6+ Kc7 60. Nf5 Bf4 61. b5 axb5 62. axb5 Kb7 63. b6 Bc1 64. Nd6+ Kb8 65. Kc6 Bf4 66. Nc4 Ka8 67. Kb5 Kb7 68. Na5+ Kc8 69. Ka6 Kd7 70. b7 Bb8 71. Kb6 Kd6 72. Nc6 Bc7+ 73. Kb5 Kd5 74. Ne7+ Kd4 75. Kc6 Bb8 76. Nf5+ Ke4 77. Nh4 Kf4 78. Kd7 Kg4 79. Nf3 1-0